Civil law cases [CLC, Vol. XLII, 2020] / (Record no. 122766)
[ view plain ]
| 000 -LEADER | |
|---|---|
| fixed length control field | 00384nam a2200133 4500 |
| 005 - DATE AND TIME OF LATEST TRANSACTION | |
| control field | 20220203123308.0 |
| 008 - FIXED-LENGTH DATA ELEMENTS--GENERAL INFORMATION | |
| fixed length control field | 210626b ||||| |||| 00| 0 eng d |
| 040 ## - CATALOGING SOURCE | |
| Transcribing agency | PK-LaUMT |
| 082 ## - DEWEY DECIMAL CLASSIFICATION NUMBER | |
| Classification number | 346.0026P |
| Item number | CIV- |
| 245 ## - TITLE STATEMENT | |
| Title | Civil law cases [CLC, Vol. XLII, 2020] / |
| Statement of responsibility, etc | edited by Muhammad Anwar Khokhar |
| 260 ## - PUBLICATION, DISTRIBUTION, ETC. (IMPRINT) | |
| Place of publication, distribution, etc | Lahore : |
| Name of publisher, distributor, etc | The Civil Law Cases, |
| Date of publication, distribution, etc | 2020 |
| 300 ## - PHYSICAL DESCRIPTION | |
| Extent | 3 vols. |
| 942 ## - ADDED ENTRY ELEMENTS (KOHA) | |
| Koha item type | Law and Policy Journals |
| Withdrawn status | Lost status | Damaged status | Home library | Current library | Date acquired | Full call number | Barcode | Date last seen | Copy number | Price effective from | Koha item type |
|---|---|---|---|---|---|---|---|---|---|---|---|
| UMT Main Campus | UMT Main Campus | 2021-06-26 | 346.0026P CIV- | 138231 | 2021-06-26 | Vol.1 | 2021-06-26 | Books | |||
| UMT Main Campus | UMT Main Campus | 2021-06-26 | 346.0026P CIV- | 138232 | 2021-06-26 | Vol.2 | 2021-06-26 | Books | |||
| UMT Main Campus | UMT Main Campus | 2021-06-26 | 346.0026P CIV- | 138233 | 2021-06-26 | Vol.3 | 2021-06-26 | Books |
